000 01692cam a2200373 a 4500
001 16060908
003 OSt
005 20170105102900.0
008 100120s2010 enk b 001 0 eng
010 _a 2010002460
020 _a9780415421171 (hardback)
020 _a0415421179 (hardback)
020 _a9780415421188 (pbk.)
020 _a0415421187 (pbk.)
020 _a9780203847329 (ebook)
020 _a0203847326 (ebook)
035 _a(OCoLC)ocn501321094
040 _aDLC
_cDLC
_dBWK
_dLGG
_dYDXCP
_dC#P
_dBWX
_dDLC
050 0 0 _aJZ6300
_b.C535 2010
082 0 0 _a327.1
_222
_bCHA 2010
100 1 _aChandler, David,
_d1962-
245 1 0 _aInternational statebuilding :
_bthe rise of post-liberal governance /
_cDavid Chandler.
260 _aLondon ;
_aNew York :
_bRoutledge,
_c2010.
300 _ax, 218 p. ;
_c22 cm.
490 1 _aCritical issues in global politics ;
_v2
504 _aIncludes bibliographical references and index.
505 0 _aThe statebuilding paradigm -- The "liberal peace" critique of international intervention -- Rethinking the state -- Post-liberal governance -- The EU's export of "the rule of law" and "good governance" -- Security and statebuilding : from intervention to prevention -- Development as freedom : from colonialism to climate change -- Race, culture and civil society : statebuilding and the privileging of difference.
650 0 _aNation-building.
650 0 _aIntervention (International law)
830 0 _aCritical issues in global politics ;
_v2.
906 _a7
_bcbc
_corignew
_d1
_eecip
_f20
_gy-gencatlg
942 _2ddc
_cBK
999 _c14610
_d14610